01287 2200601 4500001002100000008004100021035002000062245005800082100001700140250000600157260003000163300001200193084001400205082000800219650001400227990001200241990001200253990001200265990001200277990001200289990001200301990001200313990001200325990001200337990001200349990001200361990001200373990001200385990001200397990001200409990001200421990001200433990001200445990001200457990001200469990001200481990001200493990001200505990001200517990001200529990001200541990001200553990001200565990001200577990001200589990001200601990001200613990001200625990001200637990001200649990001200661990001200673INLIS000000000000987 ind  a0010-0524000222 aPanduan Praktikum Kimia Kelas XI Jilid 2cSri Wahyuni aWahyuni, Sri a1 aJakarta :bErlanggac2019 a136 hlm a540 SRI p a540 aNon Fiksi a0741730 a0741731 a0741732 a0741733 a0741734 a0741735 a0741736 a0741737 a0741738 a0741739 a0741740 a0741741 a0741742 a0741743 a0741744 a0741745 a0741746 a0741747 a0741748 a0741749 a0741750 a0741751 a0741752 a0741753 a0741754 a0741755 a0741756 a0741757 a0741758 a0741759 a0741760 a0741761 a0741762 a0741763 a0741764 a0741765 a0741766